000 00860nas a2200289 4500
001 BR0100470
003 BR-BrBNA
005 20231205102031.0
007 ta
008 230509b bl.|||p| |||| 00| 00por d
040 _aBR-BrBNA
_bpor
_cBiblioteca Nacional de Agricultura
041 _a(Pt)
072 _aL52
100 1 _aOliveira, H.N. de
100 1 _aLobo, R.B.
100 1 _aPereira, C.S.
245 1 _aComparacao de modelos nao-lineares para descrever o crescimento de femeas da raca Guzera
650 _aGado Guzera
650 _aFemea
650 _aPeso
650 _aMaturacao
650 _aTaxa de Crescimento
650 _aModelo Matematico
773 0 _tPesquisa Agropecuaria Brasileira (Brazil)
_xISSN 0100-204X
_g(Sep 2000), v. 35(9) p. 1843-1851
_wBR0100470
909 _a202311
_bLúcia
_c55
_dLúcia Elande
942 _2AGRIS
_n0
_cANA
999 _c165366
_d165366